00519nam a22001457a 450000500170000000800410001704100120005808200140007010000410008424501310012525000180025626000470027430000270032165000250034820231114065729.0231114b |||||||| |||| 00| 0 eng d aEnglish a345.5 COO aCooper, WE and Bamford, BRlEnglish  aHandbook on the Criminal Procedure Act and the Criminal Provisions of the Magistrates' Courts Act / cWE Cooper and BR Bamford aFirst Edition aCape Town : bJuta and Company Ltd, c1955 b267 pages ; c25,5 cm. aLegal practice bLaw